000 00659nam a22002177a 4500
003 BUBTL
008 170718b xxu||||| |||| 00| 0 eng d
020 _a8121910216
082 _219th
_a368.01/ M6875i/ 1979
100 _9143
_aMishra, M. N.
245 _aInsurance: Principles and Practice/
_cMishra, M. N. and S. B. Mishra
250 _a19th
260 _aNew Delhi
_bS.chand.
_cc1979
300 _aviii, 829p. :
_bill. chart,Table, graph ; 24 cm
500 _aIncludes Index.
650 0 _91289
_aFinance
700 _9143
_aMishra, M. N. and S. B. Mishra
856 _k0
_l0
_yDownload
942 _2ddc
_cBK
999 _c5487
_d5487